[Event "Pardubice Open A"]
[Site "?"]
[Date "2015.07.28"]
[Round "5.79"]
[White "RJABZEV, Konstantin"]
[Black "BARAEVA, Marina"]
[Result "1-0"]
[WhiteElo "2314"]
[BlackElo "2182"]
[PlyCount "113"]
[EventDate "2015.??.??"]
[WhiteClock "0:40:41"]
[BlackClock "0:27:59"]

1. e4 d6 2. d4 Nf6 3. Nc3 g6 4. Bg5 Bg7 5. Qd2 c6 6. f4 O-O 7. Nf3 Bg4 8. Be2
Nbd7 9. h3 Bxf3 10. Bxf3 e5 11. dxe5 dxe5 12. O-O-O Qa5 13. f5 Nb6 14. Qd3 h6
15. Bd2 Rad8 16. Qe2 Qc5 17. Be3 Qb4 18. a3 Qa5 19. g4 Rfe8 20. h4 Bf8 21. Nb1
Qb5 22. Qxb5 cxb5 23. g5 Rxd1+ 24. Rxd1 hxg5 25. Bxg5 Nfd7 26. fxg6 fxg6 27. h5
gxh5 28. Bxh5 Re6 29. Rf1 Rd6 30. Bf7+ Kg7 31. Nc3 a6 32. Nd5 Nxd5 33. Bxd5 b6
34. Bd2 Nf6 35. Bb7 a5 36. Bc3 Re6 37. Bc8 Re8 38. Bf5 Bc5 39. Bd2 b4 40. axb4
axb4 41. Rf3 Kf7 42. Rb3 Ke7 43. Bxb4 Kd6 44. Rd3+ Kc6 45. Bd2 b5 46. Bg5 Rf8
47. Rh3 Ne8 48. Rc3 Kd6 49. Rxc5 Rxf5 50. Be7+ Kxe7 51. exf5 Kf6 52. Rxb5 Kxf5
53. Kd2 Nd6 54. Rb8 Ke4 55. b4 Kf4 56. b5 e4 57. b6 1-0

[Event "Pardubice Open A"]
[Site "?"]
[Date "2015.07.28"]
[Round "5.80"]
[White "KOCHETKOVA, Julia"]
[Black "HAVELKA, Jan"]
[Result "1/2-1/2"]
[WhiteElo "2309"]
[BlackElo "2178"]
[PlyCount "76"]
[EventDate "2015.??.??"]
[WhiteClock "0:03:02"]
[BlackClock "0:14:02"]

1. e4 e6 2. d4 c5 3. Nf3 cxd4 4. Nxd4 a6 5. Nc3 Qc7 6. Bd3 Nf6 7. O-O h5 8. Kh1
Bc5 9. Nce2 b5 10. a4 Bb7 11. axb5 Nxe4 12. bxa6 Nxa6 13. f3 Nf6 14. c3 Nd5 15.
Bd2 h4 16. h3 O-O 17. b4 Bxd4 18. Nxd4 Nf4 19. Be1 Nxd3 20. Qxd3 Nxb4 21. Qd1
Rxa1 22. Qxa1 Ra8 23. Qb1 Ba6 24. Rg1 Nd3 25. Bxh4 Qxc3 26. Qb6 Nc5 27. Qd6 Rc8
28. Bg3 Qd3 29. Rc1 Bc4 30. Kh2 f6 31. Bf2 e5 32. Nf5 Qxd6 33. Nxd6 Nd3 34.
Rxc4 Rxc4 35. Nxc4 Nxf2 36. Nb6 d6 37. Nc8 e4 38. Nxd6 exf3 1/2-1/2

[Event "Pardubice Open A"]
[Site "?"]
[Date "2015.07.28"]
[Round "5.81"]
[White "TOMAZINI, Aljosa"]
[Black "REHN, Ralf"]
[Result "1-0"]
[WhiteElo "2309"]
[BlackElo "2156"]
[PlyCount "69"]
[EventDate "2015.??.??"]
[WhiteClock "0:20:23"]
[BlackClock "0:39:23"]

1. d4 d5 2. Nf3 Nf6 3. c4 c6 4. e3 Bf5 5. Nc3 e6 6. Nh4 Bg6 7. Be2 Ne4 8. Nxg6
hxg6 9. Nxe4 dxe4 10. Bd2 Qc7 11. Qb3 Nd7 12. O-O-O a5 13. Kb1 Be7 14. g3 g5
15. f3 Nf6 16. Qc2 exf3 17. Bxf3 Bb4 18. Bc1 g4 19. Bg2 Rh5 20. c5 a4 21. a3
Bxc5 22. dxc5 Ra5 23. Bd2 Ra8 24. e4 Ke7 25. Bf4 e5 26. Be3 Rah8 27. Bf1 g6 28.
Bc4 Nd7 29. Rd2 Qa5 30. Rhd1 Nxc5 31. Bxc5+ Qxc5 32. Rd7+ Kf8 33. Rxf7+ Ke8 34.
Rxb7 Rxh2 35. Bf7+ 1-0

[Event "Pardubice Open A"]
[Site "?"]
[Date "2015.07.28"]
[Round "5.82"]
[White "BARRISH, Daniel"]
[Black "POPOV, Mikhail"]
[Result "0-1"]
[WhiteElo "2150"]
[BlackElo "2308"]
[PlyCount "72"]
[EventDate "2015.??.??"]
[WhiteClock "0:01:01"]
[BlackClock "0:14:00"]

1. d4 Nf6 2. c4 g6 3. f3 Bg7 4. e4 d6 5. Ne2 O-O 6. Be3 Nc6 7. Qd2 a6 8. Nbc3
Na5 9. Ng3 b5 10. cxb5 axb5 11. Rc1 c6 12. b3 Bd7 13. Bd3 Nb7 14. h4 h5 15. Bh6
e5 16. Bxg7 Kxg7 17. d5 cxd5 18. Nxd5 Nxd5 19. exd5 Nc5 20. Bb1 f5 21. b4 Na4
22. f4 Nb6 23. fxe5 dxe5 24. Rc5 Nc4 25. Qc1 e4 26. Ne2 Qf6 27. Nf4 Ra4 28. O-O
Rxb4 29. Rc7 Rf7 30. Bxe4 Qb6+ 31. Kh1 Qxc7 32. Qc3+ Qe5 33. Qxb4 fxe4 34. g3
Ne3 35. Re1 Nf5 36. Kg2 Nxh4+ 0-1

[Event "Pardubice Open A"]
[Site "Pardubice (CZE)"]
[Date "2015.07.28"]
[Round "5.83"]
[White "PALCHUN, Grigory"]
[Black "KOTYK, Vaclav"]
[Result "1-0"]
[WhiteElo "2306"]
[BlackElo "2147"]
[PlyCount "53"]
[EventDate "2015.07.24"]

1. e4 e5 2. Nf3 Nc6 3. Bb5 a6 4. Ba4 Nf6 5. O-O b5 6. Bb3 Bc5 7. c3 d6 8. d4
Bb6 9. h3 O-O 10. Re1 Bb7 11. Bg5 h6 12. Bh4 exd4 13. cxd4 g5 14. Bg3 Re8 15.
Qd3 Nb4 16. Qd2 c5 17. Nxg5 hxg5 18. Qxg5+ Kh8 19. Bxf7 Nh7 20. Qh5 Qg5 21.
Bxe8 Nc2 22. Nc3 cxd4 23. Nd5 Bxd5 24. exd5 d3 25. Qxg5 Nxg5 26. Bg6 d2 27.
Bxc2 1-0

[Event "Pardubice Open A"]
[Site "Pardubice (CZE)"]
[Date "2015.07.28"]
[Round "5.84"]
[White "BEKHOVSKIY, Mikhail"]
[Black "WALTER, Florian"]
[Result "0-1"]
[WhiteElo "2286"]
[BlackElo "2140"]
[PlyCount "106"]
[EventDate "2015.07.24"]

1. e4 c5 2. c3 g6 3. Nf3 Bg7 4. d4 cxd4 5. cxd4 d5 6. e5 Nc6 7. Nc3 Bg4 8. Be2
Nh6 9. Be3 Nf5 10. O-O Nxe3 11. fxe3 Bh6 12. Qd2 O-O 13. Ne1 Be6 14. Bf3 Qb6
15. Qe2 Rfd8 16. Nd3 Na5 17. b3 Nc6 18. Nf2 Rac8 19. Na4 Qa6 20. Rae1 Qxe2 21.
Rxe2 b6 22. Bg4 Bxg4 23. Nxg4 Bg5 24. g3 h5 25. h4 hxg4 26. hxg5 Nb4 27. Kg2 e6
28. Rd1 Rd7 29. Rdd2 Rdc7 30. a3 Nc2 31. e4 dxe4 32. Rxe4 Nxa3 33. d5 Rc2 34.
Red4 exd5 35. Rxd5 b5 36. Nb2 Rxd2+ 37. Rxd2 Rc3 38. Nd3 Rc2 39. Rxc2 Nxc2 40.
Nc5 Kf8 41. Kf2 Ke7 42. Ke2 Nd4+ 43. Kd3 Nf3 44. Ke4 Nxg5+ 45. Kd5 Nf3 46. b4
Nd2 47. e6 fxe6+ 48. Nxe6 Ne4 49. Nc7 Nxg3 50. Nxb5 Nf5 51. Nxa7 g3 52. Nc6+
Ke8 53. Ne5 Nh4 0-1

[Event "Pardubice Open A"]
[Site "Pardubice (CZE)"]
[Date "2015.07.28"]
[Round "5.85"]
[White "OKUN, Leonid"]
[Black "GUNGL, Theo"]
[Result "1-0"]
[WhiteElo "2277"]
[BlackElo "2131"]
[PlyCount "89"]
[EventDate "2015.07.24"]

1. f4 d5 2. Nf3 Nf6 3. e3 e6 4. d4 Be7 5. Bd3 b6 6. c3 Bb7 7. Ne5 O-O 8. Nd2
Nbd7 9. O-O Ne4 10. Nxe4 dxe4 11. Bc2 f6 12. Nc4 f5 13. b4 Ba6 14. Bb3 Nf6 15.
a4 c5 16. b5 Bb7 17. Ne5 Nd5 18. Bxd5 exd5 19. Ba3 cxd4 20. cxd4 Rc8 21. Qb3
Bxa3 22. Qxa3 Qe8 23. Rac1 Qe6 24. Rf2 g6 25. Rfc2 Rxc2 26. Rxc2 Rc8 27. Qc1
Rxc2 28. Qxc2 Qd6 29. Qc3 Qd8 30. Kf1 Kf8 31. g3 Ke7 32. h4 Qd6 33. h5 gxh5 34.
Kg2 Ke6 35. Kh3 Qd8 36. Qc1 h4 37. gxh4 Qe7 38. Qg1 Kd6 39. Qg5 Qf8 40. h5 Bc8
41. h6 Qe8 42. Kh4 Be6 43. Qg7 Qd8+ 44. Kg3 Qc8 45. Nc6 1-0

[Event "Pardubice Open A"]
[Site "Pardubice (CZE)"]
[Date "2015.07.28"]
[Round "5.86"]
[White "SMAGIN, Nikita"]
[Black "SEVERINA, Maria"]
[Result "1/2-1/2"]
[WhiteElo "2104"]
[BlackElo "2276"]
[PlyCount "70"]
[EventDate "2015.07.24"]

1. e4 e5 2. Nf3 Nc6 3. Bb5 a6 4. Bxc6 dxc6 5. O-O f6 6. d4 exd4 7. Nxd4 c5 8.
Ne2 Qxd1 9. Rxd1 Bd7 10. Nbc3 O-O-O 11. Be3 Re8 12. Rd2 Bc6 13. Rad1 b6 14. Nf4
Nh6 15. Nfd5 Ng4 16. Bf4 Ne5 17. f3 Kb7 18. Ne3 g6 19. Ncd5 Bg7 20. b3 Rhf8 21.
c4 f5 22. exf5 gxf5 23. Nc2 Rf7 24. Re1 Ng6 25. Rxe8 Bxe8 26. Re2 Bc6 27. g3
Bxd5 28. cxd5 Rd7 29. Kg2 Nxf4+ 30. gxf4 Bh6 31. Re5 Bxf4 32. Rxf5 Bd6 33. Rh5
Re7 34. Kf2 b5 35. h4 c6 1/2-1/2

[Event "Pardubice Open A"]
[Site "Pardubice (CZE)"]
[Date "2015.07.28"]
[Round "5.87"]
[White "STRUGNELL, Carl"]
[Black "HLADIK, Josef"]
[Result "1-0"]
[WhiteElo "2275"]
[BlackElo "2123"]
[PlyCount "103"]
[EventDate "2015.07.24"]

1. e4 e6 2. d4 d5 3. Nc3 Nf6 4. e5 Nfd7 5. f4 c5 6. Nf3 Nc6 7. Be3 cxd4 8. Nxd4
Bc5 9. Qd2 O-O 10. O-O-O a6 11. Nb3 Bb4 12. Bd3 f6 13. exf6 Qxf6 14. Kb1 Kh8
15. Qf2 Bxc3 16. bxc3 e5 17. g3 e4 18. Be2 Qxc3 19. Rxd5 Nb4 20. Rd2 a5 21. Bd4
Qc6 22. Rhd1 a4 23. Nc1 Ra5 24. a3 Nd5 25. c4 N5f6 26. Bc3 Ra8 27. Rd6 Qc7 28.
g4 Ne8 29. R6d2 b5 30. Bb4 Rxf4 31. Qd4 bxc4 32. Qd5 Nb6 33. Qd8 Be6 34. Qxc7
Nxc7 35. Bd6 Rf7 36. Bxc7 Rxc7 37. Rd6 Nd5 38. Rxe6 Nc3+ 39. Kc2 Nxd1 40. Bxd1
c3 41. Rxe4 Rd8 42. Nd3 g6 43. Rxa4 Rcd7 44. Be2 Re7 45. Bf3 Re3 46. Be4 Rh3
47. Rc4 Rxh2+ 48. Kxc3 Rd7 49. a4 Rh3 50. a5 Rg3 51. Kb4 Rxg4 52. Nc5 1-0

[Event "Pardubice Open A"]
[Site "Pardubice (CZE)"]
[Date "2015.07.28"]
[Round "5.88"]
[White "MEYER, Henrik"]
[Black "KUBIK, Michael"]
[Result "0-1"]
[WhiteElo "2100"]
[BlackElo "2275"]
[PlyCount "72"]
[EventDate "2015.07.24"]

1. d4 f5 2. Nc3 d5 3. Bf4 c6 4. e3 e6 5. Nf3 Nf6 6. Bd3 Be7 7. h3 Nbd7 8. Ne2
Ne4 9. c3 O-O 10. Qc2 Ndf6 11. g4 c5 12. dxc5 Nxc5 13. gxf5 exf5 14. O-O-O Qa5
15. Kb1 Nfe4 16. Ned4 Bd7 17. Bxe4 dxe4 18. Ne5 Ba4 19. b3 Be8 20. b4 Qb6 21.
Nc4 Qa6 22. Nb2 Nd7 23. f3 Rc8 24. fxe4 fxe4 25. Rhg1 Bf7 26. Nb3 Nf6 27. Bh6
Nh5 28. Bf4 Nxf4 29. exf4 Bxb4 30. Qxe4 Bxc3 31. f5 Rfe8 32. Qg4 Re2 33. Rg2
Bh5 34. Qg5 Bf6 35. Nc5 Bxg5 36. Nxa6 Rxg2 0-1

[Event "Pardubice Open A"]
[Site "Pardubice (CZE)"]
[Date "2015.07.28"]
[Round "5.89"]
[White "VYBIRAL, Zdenek"]
[Black "PANAGIOTAKOS, Nikolaos"]
[Result "1/2-1/2"]
[WhiteElo "2267"]
[BlackElo "2121"]
[PlyCount "81"]
[EventDate "2015.07.24"]

1. d4 Nf6 2. c4 e6 3. Nc3 Bb4 4. e3 O-O 5. Nge2 d5 6. a3 Bd6 7. Ng3 c5 8. dxc5
Bxc5 9. b4 Be7 10. cxd5 exd5 11. Bd3 Nc6 12. Nce2 a5 13. b5 Ne5 14. O-O Qb6 15.
a4 Rd8 16. Bb2 Nc4 17. Bd4 Bc5 18. Bxc4 Bxd4 19. Qxd4 Qxd4 20. Nxd4 dxc4 21.
Rac1 Nd5 22. Rxc4 Nb6 23. Rc3 Nxa4 24. Ra3 Nc5 25. Rc1 Ne6 26. Nge2 Nxd4 27.
Nxd4 Bd7 28. h3 Kf8 29. Rc7 b6 30. Rb7 Rab8 31. Ra7 Ke8 32. Rc3 Ra8 33. Rcc7
Rxa7 34. Rxa7 Rb8 35. Kf1 Kd8 36. Ke2 Kc8 37. Kd3 Rb7 38. Ra8+ Rb8 39. Ra7 Rb7
40. Ra8+ Rb8 41. Ra7 1/2-1/2

[Event "Pardubice Open A"]
[Site "Pardubice (CZE)"]
[Date "2015.07.28"]
[Round "5.90"]
[White "KAROUSOS-THEODORAKIS, Nikolaos"]
[Black "AGEICHENKO, Genadi A"]
[Result "1-0"]
[WhiteElo "2073"]
[BlackElo "2265"]
[PlyCount "69"]
[EventDate "2015.07.24"]

1. e4 c6 2. d4 d5 3. Nd2 dxe4 4. Nxe4 Nd7 5. Nf3 Ngf6 6. Neg5 e6 7. Bd3 Bd6 8.
Qe2 h6 9. Ne4 Nxe4 10. Qxe4 Nf6 11. Qe2 Qc7 12. Bd2 b6 13. O-O-O Bb7 14. c4 O-O
15. Bc3 Rfe8 16. Kb1 Qe7 17. a3 c5 18. Rhe1 Rad8 19. Bc2 Rc8 20. Qd3 Bxf3 21.
gxf3 cxd4 22. Bxd4 Rcd8 23. Bxf6 Qxf6 24. Qh7+ Kf8 25. Ba4 Ke7 26. Bxe8 Rxe8
27. Qe4 Bc5 28. Re2 a5 29. f4 Kf8 30. f5 Kg8 31. f4 a4 32. Qe5 Qh4 33. Rg2 f6
34. Qc7 Bf8 35. Rxg7+ 1-0

[Event "Pardubice Open A"]
[Site "?"]
[Date "2015.07.29"]
[Round "6.1"]
[White "PAP, Gyula"]
[Black "LAZNICKA, Viktor"]
[Result "0-1"]
[WhiteElo "2536"]
[BlackElo "2657"]
[PlyCount "56"]
[EventDate "2015.??.??"]
[WhiteClock "0:08:15"]
[BlackClock "0:16:59"]

1. Nf3 f5 2. g3 g6 3. Bg2 Bg7 4. d4 Nf6 5. O-O O-O 6. c4 d6 7. Nc3 c6 8. Rb1
Nbd7 9. Ng5 Nb6 10. Qb3 h6 11. Nh3 Be6 12. d5 Bf7 13. Be3 Qc7 14. Bd4 e5 15.
dxe6 Bxe6 16. Nf4 Bxc4 17. Bxb6 Qf7 18. Qb4 axb6 19. b3 Ba6 20. Qxd6 g5 21. Nd3
Rfd8 22. Qb4 Bxd3 23. exd3 b5 24. Nd1 Rxa2 25. Ne3 f4 26. gxf4 Bf8 27. Qc3 gxf4
28. Nf5 Nd5 0-1

[Event "Pardubice Open A"]
[Site "?"]
[Date "2015.07.29"]
[Round "6.2"]
[White "GHOSH, Diptayan"]
[Black "MOVSESIAN, Sergei"]
[Result "1/2-1/2"]
[WhiteElo "2523"]
[BlackElo "2653"]
[PlyCount "27"]
[EventDate "2015.??.??"]
[WhiteClock "1:08:40"]
[BlackClock "1:29:13"]

1. d4 d5 2. c4 c6 3. Nc3 Nf6 4. e3 a6 5. Nf3 e6 6. Qc2 c5 7. dxc5 Bxc5 8. b3
dxc4 9. Bxc4 b5 10. Be2 Be7 11. a4 b4 12. Ne4 Bb7 13. Nxf6+ Bxf6 14. Bb2
1/2-1/2

[Event "Pardubice Open A"]
[Site "?"]
[Date "2015.07.29"]
[Round "6.3"]
[White "VOROBIOV, Evgeny E"]
[Black "CVEK, Robert"]
[Result "1/2-1/2"]
[WhiteElo "2582"]
[BlackElo "2517"]
[PlyCount "29"]
[EventDate "2015.??.??"]
[WhiteClock "1:09:49"]
[BlackClock "1:09:52"]

1. d4 Nf6 2. c4 e6 3. g3 Bb4+ 4. Bd2 Qe7 5. Nf3 Nc6 6. Nc3 Bxc3 7. Bxc3 Ne4 8.
Rc1 O-O 9. Bg2 d6 10. d5 Nd8 11. O-O e5 12. b4 a5 13. a3 axb4 14. axb4 Nxc3 15.
Rxc3 1/2-1/2

[Event "Pardubice Open A"]
[Site "?"]
[Date "2015.07.29"]
[Round "6.5"]
[White "GOLUBOV, Saveliy"]
[Black "LINTCHEVSKI, Daniil"]
[Result "1/2-1/2"]
[WhiteElo "2446"]
[BlackElo "2574"]
[PlyCount "32"]
[EventDate "2015.??.??"]
[WhiteClock "0:49:20"]
[BlackClock "1:13:55"]

1. e4 e6 2. d4 d5 3. Nc3 Nf6 4. Bg5 dxe4 5. Nxe4 Nbd7 6. Nf3 h6 7. Nxf6+ Nxf6
8. Bh4 c5 9. dxc5 Qa5+ 10. c3 Qxc5 11. Bd3 Be7 12. O-O O-O 13. Qe2 Rd8 14. Ne5
Bd7 15. Bxf6 Bxf6 16. Nxd7 Rxd7 1/2-1/2

[Event "Pardubice Open A"]
[Site "?"]
[Date "2015.07.29"]
[Round "6.6"]
[White "DAS, Sayantan"]
[Black "BURMAKIN, Vladimir"]
[Result "1-0"]
[WhiteElo "2444"]
[BlackElo "2571"]
[PlyCount "55"]
[EventDate "2015.??.??"]
[WhiteClock "0:42:02"]
[BlackClock "0:36:59"]

1. e4 c6 2. d4 d5 3. Nd2 dxe4 4. Nxe4 Nd7 5. Ng5 Ngf6 6. Bd3 e6 7. N1f3 Bd6 8.
Qe2 h6 9. Ne4 Nxe4 10. Qxe4 Nf6 11. Qe2 b6 12. Bd2 Bb7 13. Ne5 Qc7 14. f4 c5
15. dxc5 Qxc5 16. O-O-O Qc7 17. Bb5+ Ke7 18. Bd3 Rhd8 19. Kb1 Kf8 20. Rhf1 Rac8
21. g4 Nd5 22. g5 hxg5 23. Qh5 Nxf4 24. Bxf4 gxf4 25. Qh8+ Ke7 26. Ng6+ Kd7 27.
Bb5+ Bc6 28. Ne5+ 1-0

[Event "Pardubice Open A"]
[Site "?"]
[Date "2015.07.29"]
[Round "6.7"]
[White "DEAC, Bogdan-Daniel"]
[Black "PREDKE, Alexandr"]
[Result "1-0"]
[WhiteElo "2443"]
[BlackElo "2537"]
[PlyCount "55"]
[EventDate "2015.??.??"]
[WhiteClock "0:01:47"]
[BlackClock "0:02:37"]

1. e4 e5 2. Nf3 Nc6 3. Bb5 a6 4. Ba4 Nf6 5. O-O b5 6. Bb3 Bc5 7. a4 Rb8 8. axb5
axb5 9. Nxe5 Nxe5 10. d4 Bxd4 11. Qxd4 d6 12. f4 Nc6 13. Qc3 Ne7 14. e5 Ne4 15.
Qe1 d5 16. Nc3 Nc5 17. Qf2 d4 18. Rd1 Nf5 19. Ne2 Bb7 20. Ng3 Qd7 21. Ba2 Ne4
22. Nxe4 Bxe4 23. g4 Ne3 24. e6 fxe6 25. Bxe3 dxe3 26. Qxe3 Qc6 27. Rd4 Bh1 28.
Qxe6+ 1-0

[Event "Pardubice Open A"]
[Site "?"]
[Date "2015.07.29"]
[Round "6.8"]
[White "POPILSKI, Gil"]
[Black "SELIVERSTOV, Vladimir"]
[Result "1/2-1/2"]
[WhiteElo "2519"]
[BlackElo "2420"]
[PlyCount "96"]
[EventDate "2015.??.??"]
[WhiteClock "0:26:11"]
[BlackClock "1:11:17"]

1. e4 c5 2. Nf3 d6 3. d4 cxd4 4. Nxd4 Nf6 5. Nc3 g6 6. Be3 Bg7 7. f3 O-O 8. Qd2
Nc6 9. Bc4 Bd7 10. O-O-O Rc8 11. Bb3 Ne5 12. Bg5 Rc5 13. Rhe1 Qa5 14. f4 Nc6
15. Nxc6 Bxc6 16. Nd5 Qxd2+ 17. Rxd2 Bxd5 18. exd5 Re8 19. Bh4 b5 20. Bf2 Rc7
21. Kb1 Nd7 22. Rde2 Kf8 23. c3 Nc5 24. Bxc5 Rxc5 25. Re4 Bf6 26. a4 bxa4 27.
Rxa4 Rb8 28. Kc2 Rcb5 29. Ra3 g5 30. fxg5 Bxg5 31. Rb1 Be3 32. Bc4 R5b7 33. Kd3
Bc5 34. b4 Rc7 35. Rf1 Bb6 36. Rf4 Ra8 37. Ba6 Kg7 38. Re4 Rg8 39. Ra1 Kf8 40.
g4 h5 41. h3 hxg4 42. Rxg4 Rxg4 43. hxg4 e6 44. dxe6 fxe6 45. Re1 Kf7 46. Rf1+
Kg6 47. Re1 Kf7 48. Rf1+ Kg6 1/2-1/2

[Event "Pardubice Open A"]
[Site "?"]
[Date "2015.07.29"]
[Round "6.9"]
[White "KONGUVEL, Ponnuswamy"]
[Black "KREJCI, Jan"]
[Result "1-0"]
[WhiteElo "2337"]
[BlackElo "2500"]
[PlyCount "49"]
[EventDate "2015.??.??"]
[WhiteClock "0:18:15"]
[BlackClock "0:27:46"]

1. e4 c5 2. Nf3 e6 3. d4 cxd4 4. Nxd4 a6 5. Bd3 Bc5 6. Nb3 Ba7 7. Qg4 Nf6 8.
Qg3 d6 9. Nc3 Nc6 10. Bg5 h6 11. Bd2 Nh5 12. Qf3 Nf6 13. Qg3 g5 14. h4 g4 15.
O-O-O Ne5 16. h5 Bd7 17. Bf4 Nxd3+ 18. Rxd3 e5 19. Rxd6 exf4 20. Qxf4 Bb8 21.
Nd5 Ng8 22. Nc5 b6 23. Qe5+ Kf8 24. Nxb6 Bxd6 25. Nbxd7+ 1-0

[Event "Pardubice Open A"]
[Site "?"]
[Date "2015.07.29"]
[Round "6.10"]
[White "RAZNIKOV, Danny"]
[Black "BAGI, Mate"]
[Result "1-0"]
[WhiteElo "2500"]
[BlackElo "2417"]
[PlyCount "77"]
[EventDate "2015.??.??"]
[WhiteClock "0:04:59"]
[BlackClock "0:17:15"]

1. d4 Nf6 2. c4 g6 3. g3 c6 4. Bg2 d5 5. b3 Bg7 6. Nf3 O-O 7. O-O dxc4 8. bxc4
c5 9. Bb2 Qb6 10. Qc1 Ne4 11. e3 Nc6 12. Ne5 Nd6 13. Nd2 Nf5 14. dxc5 Qxc5 15.
Nb3 Qb6 16. Nxc6 bxc6 17. Bxg7 Nxg7 18. Qa3 Be6 19. Rfc1 Rfe8 20. Nd4 Bd7 21.
Rab1 Qc7 22. Qa6 Rab8 23. Nxc6 Rb6 24. Qxa7 Rxc6 25. Rb7 Qc8 26. Rxd7 Rxc4 27.
Rxc4 Qxc4 28. Rxe7 Rd8 29. Rd7 Qc1+ 30. Bf1 Rf8 31. a4 Ne6 32. h4 Qa1 33. Kg2
Qe5 34. Be2 Nc5 35. Re7 Qd5+ 36. e4 Qd4 37. Rc7 Qd2 38. Bc4 Nxe4 39. Rxf7 1-0

[Event "Pardubice Open A"]
[Site "?"]
[Date "2015.07.29"]
[Round "6.11"]
[White "PIORUN, Kacper"]
[Black "MINDLIN, Alon"]
[Result "1-0"]
[WhiteElo "2591"]
[BlackElo "2310"]
[PlyCount "65"]
[EventDate "2015.??.??"]
[WhiteClock "0:35:37"]
[BlackClock "0:01:29"]

1. c4 e6 2. g3 d5 3. Nf3 Nf6 4. Bg2 Be7 5. O-O O-O 6. b3 c5 7. e3 Nc6 8. Bb2 b6
9. Nc3 Bb7 10. cxd5 exd5 11. d4 Rc8 12. Bh3 Rb8 13. Rc1 Bc8 14. Bg2 Bg4 15. h3
Be6 16. Ne2 Ne4 17. Nf4 Rc8 18. dxc5 Bxc5 19. a3 a5 20. Rc2 Be7 21. Qa1 Bf6 22.
Rfc1 Qd7 23. Nd4 Nxd4 24. Bxd4 Rxc2 25. Rxc2 Bf5 26. Rc1 Nc5 27. Bxf6 Nxb3 28.
Qb2 Nxc1 29. Nxd5 Nd3 30. Qd4 Rd8 31. Bxd8 Qxd8 32. e4 Nc1 33. Qc4 1-0

[Event "Pardubice Open A"]
[Site "?"]
[Date "2015.07.29"]
[Round "6.12"]
[White "SCHLOSSER, Philipp"]
[Black "GAGARE, Shardul"]
[Result "1/2-1/2"]
[WhiteElo "2579"]
[BlackElo "2425"]
[PlyCount "53"]
[EventDate "2015.??.??"]
[WhiteClock "0:46:23"]
[BlackClock "0:27:16"]

1. c4 e6 2. g3 Nf6 3. Bg2 d5 4. Nf3 dxc4 5. Qa4+ c6 6. Qxc4 b5 7. Qc2 Bb7 8. a4
a6 9. O-O Nbd7 10. Nc3 Rc8 11. Rd1 Be7 12. d4 b4 13. Ne4 c5 14. Nxc5 Nxc5 15.
dxc5 Qa5 16. Be3 Bxc5 17. Rac1 Bxe3 18. Qxc8+ Bxc8 19. Rxc8+ Ke7 20. Rxh8 Qc5
21. fxe3 Qxe3+ 22. Kh1 Ne4 23. Rf1 Nf2+ 24. Kg1 Nd3+ 25. Kh1 Nf2+ 26. Kg1 Ne4+
27. Kh1 1/2-1/2

[Event "Pardubice Open A"]
[Site "?"]
[Date "2015.07.29"]
[Round "6.14"]
[White "PISCOPO, Pierluigi"]
[Black "MOZHAROV, Mikhail"]
[Result "1/2-1/2"]
[WhiteElo "2422"]
[BlackElo "2564"]
[PlyCount "91"]
[EventDate "2015.??.??"]
[WhiteClock "0:06:43"]
[BlackClock "0:25:12"]

1. e4 c6 2. d4 d5 3. exd5 cxd5 4. c4 Nf6 5. Nc3 Nc6 6. Nf3 Be6 7. c5 g6 8. Bb5
Bg7 9. O-O O-O 10. h3 Ne4 11. Re1 Qc7 12. Ne2 Rad8 13. Bf4 Qc8 14. Ng3 a6 15.
Ba4 Bf5 16. Bxc6 bxc6 17. Qa4 Nxg3 18. Bxg3 Qb7 19. Re3 Qxb2 20. Rae1 Be4 21.
Rb3 Qc2 22. Ne5 Qd2 23. Qb4 Qxb4 24. Rxb4 Bxe5 25. Bxe5 Rd7 26. Rb6 Rc8 27. Re3
f6 28. Bg3 a5 29. Rb2 Kf8 30. a4 Ra7 31. f3 Bf5 32. Kf2 g5 33. Ke1 h5 34. Kd2
g4 35. hxg4 hxg4 36. Reb3 gxf3 37. gxf3 Kf7 38. Rb7 Rxb7 39. Rxb7 Rg8 40. Bd6
Rg2+ 41. Ke3 Ra2 42. Rxe7+ Kg6 43. Rc7 Ra3+ 44. Kf2 Rxa4 45. Rxc6 Bd7 46. Ra6
1/2-1/2

[Event "Pardubice Open A"]
[Site "?"]
[Date "2015.07.29"]
[Round "6.15"]
[White "BABULA, Vlastimil"]
[Black "RESHEF, Omer"]
[Result "1/2-1/2"]
[WhiteElo "2559"]
[BlackElo "2410"]
[PlyCount "47"]
[EventDate "2015.??.??"]
[WhiteClock "0:33:24"]
[BlackClock "1:01:55"]

1. d4 d5 2. c4 c6 3. Nf3 Nf6 4. Nc3 dxc4 5. a4 Bf5 6. Ne5 Nbd7 7. Nxc4 Qc7 8.
g3 e5 9. dxe5 Nxe5 10. Bf4 Nfd7 11. Bg2 f6 12. O-O O-O-O 13. Qc1 Nc5 14. Bxe5
fxe5 15. Qe3 Nb3 16. Rad1 Bc5 17. Qxe5 Qxe5 18. Nxe5 Rhe8 19. Nd3 Bxd3 20. Rxd3
Rxd3 21. exd3 Bd4 22. Ne4 Kc7 23. Bf3 Bxb2 24. Rb1 1/2-1/2

[Event "Pardubice Open A"]
[Site "?"]
[Date "2015.07.29"]
[Round "6.16"]
[White "ARAT, Ufuk Sezen"]
[Black "STUPAK, Kirill"]
[Result "1-0"]
[WhiteElo "2409"]
[BlackElo "2547"]
[PlyCount "99"]
[EventDate "2015.??.??"]
[WhiteClock "0:28:02"]
[BlackClock "0:00:43"]

1. d4 g6 2. c4 Bg7 3. Nc3 d6 4. e4 e5 5. Nge2 exd4 6. Nxd4 Ne7 7. h4 Nbc6 8.
Be3 O-O 9. h5 f5 10. hxg6 hxg6 11. Nxc6 bxc6 12. Bd4 c5 13. Bxg7 Kxg7 14. Qd2
Rh8 15. Rxh8 Qxh8 16. e5 dxe5 17. Qe3 Kf7 18. O-O-O Be6 19. Nb5 Rd8 20. Rxd8
Qxd8 21. Qxe5 Nc6 22. Qxc7+ Qxc7 23. Nxc7 Ke7 24. f4 Kd7 25. Nb5 a6 26. Nc3 Kd6
27. Kd2 Nd4 28. g3 Bf7 29. b3 Be8 30. Bg2 Bc6 31. Bxc6 Nxc6 32. Ne2 Nb4 33. Nc1
a5 34. a3 Nc6 35. Ne2 Ke6 36. Kc3 Kf6 37. Nc1 Nd8 38. b4 axb4+ 39. axb4 cxb4+
40. Kxb4 g5 41. Ne2 Ne6 42. c5 gxf4 43. gxf4 Ke7 44. Kb5 Nc7+ 45. Kc6 Ne6 46.
Kd5 Nf8 47. Nd4 Ng6 48. Ne6 Kf6 49. Kd6 Ne7 50. Nd4 1-0

[Event "Pardubice Open A"]
[Site "?"]
[Date "2015.07.29"]
[Round "6.17"]
[White "BORUCHOVSKY, Avital"]
[Black "MANIK, Mikulas"]
[Result "1-0"]
[WhiteElo "2539"]
[BlackElo "2408"]
[PlyCount "71"]
[EventDate "2015.??.??"]
[WhiteClock "0:03:43"]
[BlackClock "0:02:31"]

1. e4 c5 2. Nf3 d6 3. Bb5+ Nd7 4. O-O Ngf6 5. Re1 a6 6. Bf1 b6 7. c4 e5 8. Nc3
g6 9. a3 Bg7 10. b4 O-O 11. d3 h6 12. g3 Bb7 13. Rb1 cxb4 14. axb4 Rc8 15. Bd2
Re8 16. Bh3 Rb8 17. Be3 Bc6 18. Qd2 Kh7 19. Nd5 b5 20. Qc2 bxc4 21. dxc4 Nxd5
22. cxd5 Bb5 23. Nd2 Nb6 24. Rec1 Re7 25. Qa2 h5 26. Rc3 Bh6 27. Bxh6 Kxh6 28.
Rbc1 Na4 29. R3c2 a5 30. bxa5 Qxa5 31. Rb1 Reb7 32. Qa3 Qa6 33. Bc8 Rxc8 34.
Rxc8 Bd3 35. Ra1 Ra7 36. Rc6 1-0

[Event "Pardubice Open A"]
[Site "?"]
[Date "2015.07.29"]
[Round "6.18"]
[White "VOGEL, Roven"]
[Black "KRYAKVIN, Dmitry"]
[Result "0-1"]
[WhiteElo "2420"]
[BlackElo "2529"]
[PlyCount "78"]
[EventDate "2015.??.??"]
[WhiteClock "0:04:27"]
[BlackClock "0:36:25"]

1. d4 Nf6 2. c4 g6 3. Nc3 Bg7 4. Nf3 O-O 5. e4 d6 6. Be2 e5 7. O-O c6 8. d5 Na6
9. Be3 Ng4 10. Bg5 f6 11. Bh4 c5 12. Ne1 Nh6 13. Nd3 g5 14. Bg3 f5 15. exf5
Nxf5 16. Ne4 h6 17. Rb1 b6 18. a3 Nc7 19. b4 Ne8 20. Bg4 Nf6 21. Nxf6+ Qxf6 22.
Re1 Rf7 23. h3 Re7 24. bxc5 bxc5 25. Qf3 Bd7 26. Rb7 Rf8 27. Kh2 Bc8 28. Rb8
Ree8 29. Re4 Qd8 30. Qd1 Qa5 31. Bh5 Rd8 32. Bg4 Nxg3 33. Bxc8 Nxe4 34. Be6+
Kh8 35. Rb7 Nf6 36. Qf3 e4 37. Qf5 exd3 38. Qg6 Nd7 39. Bxd7 Qc3 0-1